| 000 | 00417cam a2200169ua 4500 | ||
|---|---|---|---|
| 020 | _c69.00 | ||
| 041 |
_aeng _h |
||
| 082 |
_a005.369 _bSIM/UN |
||
| 100 | _aSimpson, Alan . | ||
| 245 |
_aUnderstanding dBase III plus / _cAlan Simpson. _hTextual Documents |
||
| 260 |
_aNew Delhi : _bB P B Publishers , _c1986. |
||
| 300 | _a414 ; . | ||
| 365 | _a69.00 | ||
| 504 | _a | ||
| 942 | _cBK | ||
| 999 |
_c9720 _d9720 |
||